Bezpečnosť a požiadavky na prevádzkovanie technických zariadení

Enregistré dans:
Détails bibliographiques
Format: Publication en série
Publié: 2011
Tags: Ajouter un tag
Pas de tags, Soyez le premier à ajouter un tag!

MARC

LEADER 00000nas a22000003a 4500
001 stu225430
005 20141123120834.0
008 110518s2011----------------------------d
040 |a STU  |b slo 
041 0
245 |a Bezpečnosť a požiadavky na prevádzkovanie technických zariadení 
260 |c 2011 
773 0 |t Bezpečnosť a požiadavky na prevádzkovanie technických zariadení :  |w stu_us_cat*stu225286  |x 1338-4058  |7 nnas 
996 |b 284M079536  |c M*12963-1  |d 1. zväzok, 2011  |v 1. zväzok  |y 2011  |l MMKN  |s A  |a 24  |w stu225430_0001